[Event "World Rapid 2019"]
[Site "Moscow RUS"]
[Date "2019.12.27"]
[Round "8.60"]
[White "Bluebaum, Matthias"]
[Black "Tsvetkov, Andrey"]
[Result "1-0"]
[WhiteTitle "GM"]
[BlackTitle "FM"]
[WhiteElo "2644"]
[BlackElo "2350"]
[WhiteFideId "24651516"]
[BlackFideId "34139360"]
[EventDate "2019.12.26"]

1. d4 d5 2. c4 e6 3. Nc3 c6 4. e3 Nf6 5. Nf3 Nbd7 6. Be2 dxc4 7. a4 Bb4 8. Bxc4
O-O 9. O-O Qe7 10. a5 a6 11. Qc2 e5 12. Rd1 h6 13. Nh4 exd4 14. Ng6 Qc5 15. Nxf8
Nxf8 16. Rxd4 Bxa5 17. Qb3 Ne6 18. Bxe6 fxe6 19. Na4 Qb5 20. Qxb5 cxb5 21. Bd2
e5 22. Rd6 Ne4 23. Bxa5 Nxd6 24. Nb6 Rb8 25. Rd1 Nc4 26. Rd8+ Kh7 27. Nxc4 bxc4
28. Bc7 Ra8 29. Bxe5 b5 30. Re8 b4 31. Re7 Kg6 32. e4 h5 33. Rxg7+ Kh6 34. Rc7
c3 35. bxc3 b3 36. c4 a5 37. f4 a4 38. f5 Kg5 39. h4+ 1-0

[Event "World Rapid 2019"]
[Site "Moscow RUS"]
[Date "2019.12.27"]
[Round "8.61"]
[White "Sadhwani, Raunak"]
[Black "Timofeev, Artyom"]
[Result "1-0"]
[WhiteTitle "IM"]
[BlackTitle "GM"]
[WhiteElo "2507"]
[BlackElo "2588"]
[WhiteFideId "35093487"]
[BlackFideId "4140419"]
[EventDate "2019.12.26"]

1. c4 e6 2. Nf3 d5 3. d4 c6 4. g3 dxc4 5. Bg2 b5 6. e4 Bb7 7. O-O Nf6 8. Qe2 Be7
9. Nc3 Nbd7 10. e5 Nd5 11. Ne4 h6 12. b3 cxb3 13. axb3 O-O 14. Bd2 a5 15. Rfc1
Qb6 16. Qe1 b4 17. Be3 Rfd8 18. Nfd2 Ba6 19. Bf1 Bxf1 20. Qxf1 Nxe3 21. fxe3 c5
22. Nc4 Qc6 23. Ncd6 Bxd6 24. Nxd6 Rf8 25. Qg2 Qxg2+ 26. Kxg2 cxd4 27. exd4 Nb6
28. Rc5 a4 29. Rb5 axb3 30. Rxa8 Nxa8 31. Rxb4 Nc7 32. Rxb3 Nd5 33. h4 f6 34. h5
fxe5 35. dxe5 g6 36. Kh3 g5 37. Kg2 Ra8 38. Kf3 Ra4 39. Rb8+ Kg7 40. Rb7+ Kg8
41. Nf7 g4+ 42. Kf2 Ra2+ 43. Ke1 Ra1+ 44. Kd2 Ra2+ 45. Kc1 Nc3 46. Nxh6+ Kf8 47.
Nxg4 Re2 48. Rc7 Nd5 49. Rc8+ Kf7 50. h6 Re1+ 51. Kd2 Rh1 52. Ke2 Kg6 53. Rg8+
Kf5 54. Kf3 Ne7 55. Rf8+ Kg5 56. Re8 Ng6 57. Rxe6 Rf1+ 58. Kg2 Rf8 59. Ra6 Kxg4
60. Rxg6+ Kh5 61. Rf6 Re8 62. h7 Kg5 63. Kf3 Rh8 64. Rf7 Kg6 65. e6 Re8 66. Kf4
Ra8 67. Ke5 Ra5+ 68. Kd6 Ra6+ 69. Kd5 Ra8 70. Rb7 Kf6 71. Kd6 Re8 72. Rf7+ Kg6
73. Rf4 1-0

[Event "World Rapid 2019"]
[Site "Moscow RUS"]
[Date "2019.12.27"]
[Round "8.62"]
[White "Adly, Ahmed"]
[Black "Kryakvin, Dmitry"]
[Result "1-0"]
[WhiteTitle "GM"]
[BlackTitle "GM"]
[WhiteElo "2607"]
[BlackElo "2596"]
[WhiteFideId "10601619"]
[BlackFideId "4153278"]
[EventDate "2019.12.26"]

1. d4 d5 2. Nf3 Nf6 3. c4 c6 4. g3 Bg4 5. Bg2 e6 6. O-O Nbd7 7. Nc3 Bd6 8. Qb3
Rb8 9. h3 Bxf3 10. Bxf3 O-O 11. Rd1 b5 12. cxd5 cxd5 13. a3 a6 14. Kg2 Nb6 15.
a4 b4 16. Nb1 Nc4 17. Bg5 h6 18. Bxf6 Qxf6 19. e4 dxe4 20. Bxe4 Rfc8 21. Bf3 e5
22. Bd5 Na5 23. Qd3 exd4 24. Nd2 Bf8 25. Ne4 Qf5 26. Qxd4 Rd8 27. Rac1 Nb3 28.
Bxb3 Rxd4 29. Rxd4 Kh8 30. Rc7 Qe5 31. Rcd7 f5 32. Nd2 Qf6 33. Nf3 Bc5 34. Rd2
Rf8 35. Bc4 b3 36. Bxb3 Qc6 37. R7d5 Qb6 38. Bc4 Bb4 39. Re2 Kh7 40. Bd3 Qc6 41.
Bxf5+ Rxf5 42. Rxf5 Qxa4 43. Nd4 Qd1 44. Re4 Qb1 45. Rg4 g5 46. h4 Bd2 47. hxg5
Bxg5 48. b3 Kg6 49. Re5 Qd3 50. Nf3 Qxb3 51. Nxg5 hxg5 52. Rgxg5+ Kf6 53. Rgf5+
Kg6 54. Ra5 Qb7+ 55. Kh2 Qh7+ 56. Kg1 Qb7 57. Rf4 Qb1+ 58. Kh2 Qb6 59. Ra2 Kg7
60. Ra1 a5 61. Kg1 Qb2 62. Rxa5 Qc1+ 63. Kh2 Qf1 64. Rg5+ Kh6 65. Rg8 Kh7 66.
Rgg4 Kh6 67. Rf6+ Kh7 68. Rf7+ Kh6 69. Rf5 Qd1 70. Rf6+ Kh7 71. Re4 Kg7 72. Rf5
Qd3 73. Re7+ Kg6 74. Ref7 Qf1 75. g4 Kh6 76. Re7 Qc4 77. Kg3 Kg6 78. Rfe5 Qc3+
79. Re3 Qd4 80. f4 1-0

[Event "World Rapid 2019"]
[Site "Moscow RUS"]
[Date "2019.12.27"]
[Round "8.63"]
[White "Zarnicki, Pablo"]
[Black "Guliyev, Namig"]
[Result "0-1"]
[WhiteTitle "GM"]
[BlackTitle "GM"]
[WhiteElo "2514"]
[BlackElo "2548"]
[WhiteFideId "100137"]
[BlackFideId "13400363"]
[EventDate "2019.12.26"]

1. e4 c5 2. Nf3 d6 3. Bb5+ Nc6 4. O-O Bd7 5. Re1 a6 6. Bxc6 Bxc6 7. d4 cxd4 8.
Nxd4 Rc8 9. Nc3 e6 10. Nd5 Bd7 11. Ne3 Nf6 12. Qd3 Be7 13. f4 O-O 14. Bd2 Qc7
15. Kh1 Rfd8 16. Rad1 Be8 17. f5 e5 18. Ne2 Bb5 19. Qb3 Nxe4 20. Nd5 Qd7 21. Qf3
Nxd2 22. Rxd2 Bg5 23. Rdd1 Rxc2 24. Nec3 f6 25. Ne4 Kh8 26. Nb4 Rc4 27. Rxd6
Rxe4 28. Rdd1 Rc4 0-1

[Event "World Rapid 2019"]
[Site "Moscow RUS"]
[Date "2019.12.27"]
[Round "8.64"]
[White "Huzman, Alexander"]
[Black "Alonso Rosell, Alvar"]
[Result "1/2-1/2"]
[WhiteTitle "GM"]
[BlackTitle "GM"]
[WhiteElo "2567"]
[BlackElo "2548"]
[WhiteFideId "2803828"]
[BlackFideId "2270544"]
[EventDate "2019.12.26"]

1. Nf3 c5 2. c4 Nc6 3. Nc3 g6 4. e3 Nf6 5. d4 cxd4 6. exd4 d5 7. cxd5 Nxd5 8.
Qb3 Nxc3 9. Bc4 e6 10. bxc3 Bd7 11. Qb1 Bg7 12. O-O Na5 13. Be2 O-O 14. Ba3 Re8
15. Ne5 Rc8 16. Rd1 a6 17. Bf3 Ba4 18. Rc1 Bxe5 19. dxe5 Nc4 20. Bd6 b5 21. Bd1
Nxd6 22. exd6 Qxd6 23. Bxa4 bxa4 24. Qb4 Qc6 25. Rab1 Red8 26. h4 Rd5 27. Qf4
Rf5 28. Qd4 Rc5 29. Rb4 e5 30. Qe3 a5 31. Re4 Qb5 32. h5 Rxc3 33. Rxc3 Qb1+ 34.
Qe1 Qxe1+ 35. Rxe1 Rxc3 36. Rxe5 Rc1+ 37. Kh2 Rc2 38. Kg3 Rxa2 39. h6 Kf8 40.
Rxa5 Ke7 41. Ra6 Ra1 42. f3 a3 43. Kg4 a2 44. Ra7+ Ke6 45. Ra6+ Ke5 46. Ra5+ Ke6
47. Ra6+ Ke5 48. Ra5+ Kf6 49. Ra6+ 1/2-1/2

[Event "World Rapid 2019"]
[Site "Moscow RUS"]
[Date "2019.12.27"]
[Round "8.66"]
[White "Grigoriants, Sergey"]
[Black "Tran, Tuan Minh"]
[Result "1-0"]
[WhiteTitle "GM"]
[BlackTitle "GM"]
[WhiteElo "2542"]
[BlackElo "2529"]
[WhiteFideId "4130804"]
[BlackFideId "12401820"]
[EventDate "2019.12.26"]

1. e4 c5 2. Nf3 d6 3. d4 cxd4 4. Nxd4 Nf6 5. Nc3 a6 6. g3 e5 7. Nde2 Be7 8. Bg2
O-O 9. O-O Nbd7 10. a4 b6 11. Nd5 Nxd5 12. Qxd5 Ra7 13. Be3 Nf6 14. Qd3 Ng4 15.
Bd2 Be6 16. c4 Nf6 17. Nc3 Nd7 18. b3 Nc5 19. Qc2 a5 20. Be3 Bg5 21. Nb5 Rd7 22.
Bxg5 Qxg5 23. f4 exf4 24. gxf4 Qh6 25. f5 Qe3+ 26. Kh1 Qxb3 27. Qxb3 Nxb3 28.
fxe6 fxe6 29. Bh3 Nc5 30. Rad1 Rfd8 31. Bg4 g6 32. h4 Kg7 33. Kg2 Nxe4 34. Bxe6
Re7 35. Bg4 Kh6 36. Rfe1 Rde8 37. Nxd6 Nxd6 38. Rxe7 Rxe7 39. Rxd6 Re4 40. Be6
Rxh4 41. Rxb6 Kg5 42. c5 Re4 43. Bd5 Re2+ 44. Kf3 Rc2 45. c6 h5 46. Rb5 Rc3+ 47.
Ke4 h4 48. Kd4 1-0

[Event "World Rapid 2019"]
[Site "Moscow RUS"]
[Date "2019.12.27"]
[Round "8.67"]
[White "Khanin, Semen"]
[Black "Carlsson, Pontus"]
[Result "1-0"]
[WhiteTitle "IM"]
[BlackTitle "GM"]
[WhiteElo "2500"]
[BlackElo "2456"]
[WhiteFideId "4111990"]
[BlackFideId "1705814"]
[EventDate "2019.12.26"]

1. e4 c5 2. Nf3 d6 3. d4 Nf6 4. Nc3 cxd4 5. Nxd4 g6 6. Be2 Bg7 7. Be3 O-O 8. Qd2
Nc6 9. O-O-O Bd7 10. f3 Rc8 11. g4 Ne5 12. h4 b5 13. Ndxb5 Qa5 14. Nd4 Nc4 15.
Bxc4 Rxc4 16. Nb3 Qa6 17. h5 Be6 18. hxg6 fxg6 19. Bd4 Rfc8 20. g5 Nh5 21. Bxg7
Nxg7 22. Kb1 Rxc3 23. bxc3 Rc4 24. Kb2 Qb5 25. Rb1 Ra4 26. Ka1 a5 27. Rb2 Qc4
28. Kb1 Nh5 29. Rd1 Ra3 30. Qd4 a4 31. Qxc4 Bxc4 32. Rd4 Be6 33. Nd2 Nf4 34. Ka1
Ne2 35. Rd3 Nxc3 36. Rb8+ Kg7 37. Kb2 Rxa2+ 38. Kxc3 a3 39. Ra8 Ra1 40. Nb3 Ra2
41. Rd1 1-0

[Event "World Rapid 2019"]
[Site "Moscow RUS"]
[Date "2019.12.27"]
[Round "8.68"]
[White "Harsha, Bharathakoti"]
[Black "Sanal, Vahap"]
[Result "1/2-1/2"]
[WhiteTitle "GM"]
[BlackTitle "GM"]
[WhiteElo "2523"]
[BlackElo "2549"]
[WhiteFideId "5078776"]
[BlackFideId "6300545"]
[EventDate "2019.12.26"]

1. c4 e5 2. g3 Nf6 3. Bg2 h6 4. Nc3 Bb4 5. e4 Bxc3 6. dxc3 d6 7. Qe2 Nc6 8. Nf3
O-O 9. Nd2 Nd7 10. Nf1 a6 11. Ne3 Nc5 12. O-O Rb8 13. b3 b5 14. Ba3 Ne6 15. Nd5
Na5 16. Rfd1 bxc4 17. bxc4 Nb7 18. Rab1 Bd7 19. f4 exf4 20. gxf4 Nec5 21. f5 c6
22. Ne3 Re8 23. Rd4 Qg5 24. Qf3 Rbd8 25. Qg3 Bc8 26. Qxg5 hxg5 27. Rb6 Na4 28.
Rxc6 Nxc3 29. Kf2 a5 30. Nd5 Nxa2 31. Rd2 Nb4 32. Nxb4 axb4 33. Bxb4 f6 34. Rb6
Re7 35. c5 dxc5 36. Rxd8+ Nxd8 37. Bxc5 Rc7 38. Bd4 Rc2+ 39. Kg3 Bb7 40. Bf3 Rc4
41. Rd6 Nf7 42. Rd7 Bc6 43. Rc7 Rxd4 44. Rxc6 Ne5 45. Rc8+ Kh7 46. Rc3 Rd2 47.
h4 Kh6 48. hxg5+ Kxg5 49. Bg2 Rd7 50. Bf3 Ra7 51. Bg2 Re7 52. Rb3 Nc4 53. Rd3
Ra7 54. Rc3 Ne5 55. Rb3 Ra2 56. Rc3 Rb2 57. Bf3 Rd2 58. Bg2 Rd1 59. Rb3 Rd7 60.
Rc3 Rd2 61. Bf3 Rb2 62. Bg2 Rb4 63. Bf3 Rd4 64. Bg2 Nc4 65. Bf3 Nd2 66. Rc7 Kh6
67. Kf4 Nc4 68. Rc8 Kh7 69. Rb8 Ne5 70. Rb1 Rd2 71. Rh1+ Kg8 72. Rf1 Kf7 73.
Bh5+ Ke7 74. Rg1 Kf8 75. Ra1 Kg8 76. Bg6 Rd8 77. Ra3 Kf8 78. Kg3 Rd7 79. Ra8+
Ke7 80. Ra6 Rd3+ 81. Kf2 Rd7 82. Re6+ Kd8 83. Ra6 Kc7 84. Bh5 Kb7 85. Re6 Nd3+
86. Ke3 Ne5 87. Be2 Kc7 88. Bb5 Rd6 89. Re7+ Kb6 90. Be2 Rd7 91. Rxd7 Nxd7 92.
Kd4 Kc6 93. Bd1 Kd6 94. Be2 Ne5 95. Bb5 Nf3+ 96. Ke3 Ng5 97. Kd4 Ke7 98. Kd5 Kf7
99. e5 fxe5 100. Kxe5 Nf3+ 101. Kf4 Nd4 102. Bd3 Nxf5 103. Bxf5 g6 104. Bxg6+
Kxg6 1/2-1/2

[Event "World Rapid 2019"]
[Site "Moscow RUS"]
[Date "2019.12.27"]
[Round "8.69"]
[White "Iturrizaga Bonelli, Eduardo"]
[Black "Deviatkin, Andrei"]
[Result "1-0"]
[WhiteTitle "GM"]
[BlackTitle "GM"]
[WhiteElo "2597"]
[BlackElo "2436"]
[WhiteFideId "3901211"]
[BlackFideId "4121260"]
[EventDate "2019.12.26"]

1. c4 c6 2. Nf3 d5 3. e3 Nf6 4. Nc3 Bg4 5. Qb3 Qb6 6. Ne5 Be6 7. d4 g6 8. Be2
Bg7 9. O-O O-O 10. Bd2 Nbd7 11. f4 dxc4 12. Bxc4 Bxc4 13. Nxc4 Qxb3 14. axb3
Rfd8 15. b4 a6 16. h3 e6 17. e4 Bf8 18. e5 Nd5 19. Nxd5 cxd5 20. Ne3 Rdc8 21.
Kf2 f5 22. Ke2 Kf7 23. Kd3 Nb6 24. b3 Rc6 25. Ra5 Be7 26. Rfa1 Rcc8 27. Nc2 Bd8
28. b5 axb5 29. Rxb5 Rxa1 30. Nxa1 Ra8 31. Ba5 Nd7 32. Bxd8 Rxa1 33. Rxb7 Ke8
34. Bc7 Rd1+ 35. Kc3 Rc1+ 36. Kb4 Rd1 37. Kb5 Rxd4 38. Kc6 Rd3 39. Kd6 Nf8 40.
Ba5 Nd7 41. Rxd7 Rxb3 1-0

[Event "World Rapid 2019"]
[Site "Moscow RUS"]
[Date "2019.12.27"]
[Round "8.70"]
[White "Quparadze, Giga"]
[Black "Kazhgaleyev, Murtas"]
[Result "1-0"]
[WhiteTitle "GM"]
[BlackTitle "GM"]
[WhiteElo "2462"]
[BlackElo "2569"]
[WhiteFideId "13602250"]
[BlackFideId "13700316"]
[EventDate "2019.12.26"]

1. e4 e5 2. Nf3 Nc6 3. Bb5 a6 4. Ba4 Nf6 5. O-O Be7 6. Re1 b5 7. Bb3 O-O 8. a4
b4 9. d4 d6 10. dxe5 Nxe5 11. Nxe5 dxe5 12. Qe2 Bc5 13. Be3 Qe7 14. Nd2 Bb7 15.
f3 Rfd8 16. Bxf7+ Kh8 17. Bb3 Bxe3+ 18. Qxe3 Rd4 19. Nf1 Rad8 20. Ng3 Bc8 21. h3
c5 22. Ba2 a5 23. Rac1 h6 24. c3 Rd3 25. Qf2 Nh7 26. Bd5 Ng5 27. h4 Nh7 28. Nf1
g5 29. Qe2 Ba6 30. c4 Rd4 31. Ne3 gxh4 32. Nf5 Qf6 33. Nxd4 cxd4 34. Qf2 h3 35.
f4 hxg2 36. fxe5 Qxe5 37. Rcd1 Ng5 38. Kxg2 Ne6 39. Qh4 Rd7 40. Rf1 Rg7+ 41. Kh1
Rg6 42. Rf5 Qg7 43. Bxe6 Rxe6 44. Rg1 Qb7 45. Qd8+ 1-0

[Event "World Rapid 2019"]
[Site "Moscow RUS"]
[Date "2019.12.27"]
[Round "8.71"]
[White "Savchenko, Boris"]
[Black "Faizrakhmanov, Ramil"]
[Result "0-1"]
[WhiteTitle "GM"]
[BlackTitle "IM"]
[WhiteElo "2577"]
[BlackElo "2434"]
[WhiteFideId "4147332"]
[BlackFideId "24103209"]
[EventDate "2019.12.26"]

1. e4 c6 2. Nc3 d5 3. Nf3 Bg4 4. h3 Bxf3 5. Qxf3 e6 6. Be2 Nd7 7. O-O Bc5 8. Qg3
Bd4 9. d3 Ne7 10. exd5 exd5 11. Qf4 Bf6 12. Nb1 O-O 13. d4 Ng6 14. Qd2 Re8 15.
Bh5 Ndf8 16. c3 Qd6 17. g3 c5 18. dxc5 Qxc5 19. Bf3 Rad8 20. Bg2 b6 21. b4 Qc7
22. Bb2 Ne6 23. Na3 Ne5 24. Rad1 h6 25. Kh1 Ng5 26. Qf4 Ne4 27. c4 Bg5 28. Bxe5
Rxe5 29. Qg4 Nd2 30. Nb5 Qxc4 31. Nxa7 Nxf1 32. Rxf1 Re4 33. Qd1 Re7 34. f4 Bf6
35. Qa4 Ra8 36. Qc6 Raxa7 0-1

[Event "World Rapid 2019"]
[Site "Moscow RUS"]
[Date "2019.12.27"]
[Round "8.72"]
[White "Jumabayev, Rinat"]
[Black "Yanchenko, Roman"]
[Result "1-0"]
[WhiteTitle "GM"]
[BlackTitle "FM"]
[WhiteElo "2646"]
[BlackElo "2463"]
[WhiteFideId "13702661"]
[BlackFideId "4137329"]
[EventDate "2019.12.26"]

1. d4 d5 2. Bf4 Nf6 3. e3 e6 4. Nd2 c6 5. Bd3 Bd6 6. Bg3 O-O 7. Ngf3 h6 8. Ne5
c5 9. c3 Nc6 10. Qe2 Qc7 11. f4 Nd7 12. O-O f5 13. b3 Nf6 14. Rac1 Bd7 15. Ndf3
Ne4 16. Bh4 Be8 17. c4 cxd4 18. Nxd4 Nxd4 19. exd4 Bxe5 20. dxe5 Qb6+ 21. c5 Qb4
22. Be7 Rf7 23. Bd6 Bc6 24. Qb2 Bb5 25. Bxe4 Qxe4 26. Rf2 g5 27. Qd2 Rg7 28. a4
Ba6 29. Re1 Qd3 30. Qb2 gxf4 31. Kh1 Kh7 32. Rf3 Rag8 33. Qf2 Rg4 34. Be7 Rxg2
35. Qxg2 Rxg2 36. Rxd3 Rg7 37. Bf6 Bxd3 38. Bxg7 Kxg7 39. Kg1 Bc2 40. Rc1 Bxb3
41. Rb1 Bxa4 42. Rxb7+ Kf8 43. Rxa7 Bb5 44. Rb7 Ba4 45. Rb4 Be8 46. Kf2 Ke7 47.
Rxf4 Kd7 48. Ke3 Kc7 49. Kd4 h5 50. Rf2 Bb5 51. Rg2 Bf1 52. Rg7+ Kd8 53. c6 f4
54. Rf7 Bh3 55. Rxf4 Bf5 56. Kc5 Kc7 57. Rb4 1-0

[Event "World Rapid 2019"]
[Site "Moscow RUS"]
[Date "2019.12.27"]
[Round "8.73"]
[White "Nozdrachev, Vladislav"]
[Black "Pogosyan, Stefan"]
[Result "1/2-1/2"]
[WhiteTitle "IM"]
[BlackTitle "IM"]
[WhiteElo "2494"]
[BlackElo "2459"]
[WhiteFideId "24113441"]
[BlackFideId "34159867"]
[EventDate "2019.12.26"]

1. e4 e5 2. Nf3 Nc6 3. Bc4 Nf6 4. d3 Be7 5. Nc3 O-O 6. a3 d6 7. h3 Be6 8. Nd5 h6
9. O-O Re8 10. Bb3 Bf8 11. c4 Nd7 12. Be3 Nc5 13. Ba2 a5 14. b3 f5 15. exf5 Bxf5
16. d4 Ne6 17. dxe5 dxe5 18. Bb1 e4 19. Nd2 Ned4 20. Re1 Bc5 21. Bf4 Qh4 22.
Bxe4 Ne6 23. Be3 Bxe4 24. Nxe4 Qxe4 25. Bxc5 Qg6 26. Rxe6 Rxe6 27. Nf4 Qf5 28.
Nxe6 Qxe6 29. Qd5 Qxd5 30. cxd5 Ne5 31. Bd4 Nf7 32. Rc1 Rd8 33. Rxc7 Rxd5 34.
Bc3 Rb5 35. b4 axb4 36. axb4 Rb6 37. Kf1 Rc6 38. Rxc6 bxc6 39. Ke2 g6 40. Kd3
Kf8 41. f4 Ke7 42. Be5 h5 43. Ke4 Nh6 44. Bd4 Ke6 45. Bf2 Nf5 46. g4 hxg4 47.
hxg4 Nh6 48. Kf3 Nf7 49. Bc5 Kd5 50. Bf8 Nd8 51. Be7 Nf7 52. f5 gxf5 53. gxf5
Ke5 54. f6 Ke6 55. Kf4 Ne5 56. Kg5 Kf7 57. Kf5 Nd7 58. Bd8 Ke8 59. Be7 Kf7 60.
Kg5 Nb6 61. Kf5 Nd5 62. Ke5 Nxe7 63. fxe7 Kxe7 64. b5 cxb5 65. Kd4 1/2-1/2

[Event "World Rapid 2019"]
[Site "Moscow RUS"]
[Date "2019.12.27"]
[Round "8.74"]
[White "Piorun, Kacper"]
[Black "Tissir, Mohamed"]
[Result "1-0"]
[WhiteTitle "GM"]
[BlackTitle "IM"]
[WhiteElo "2611"]
[BlackElo "2379"]
[WhiteFideId "1130420"]
[BlackFideId "9000240"]
[EventDate "2019.12.26"]

1. e4 c5 2. Nf3 d6 3. d4 cxd4 4. Qxd4 Nd7 5. Be2 Ngf6 6. c4 e5 7. Qe3 Be7 8. Nc3
O-O 9. O-O Nc5 10. h3 a5 11. b3 Qb6 12. Rb1 Be6 13. Nd2 Rfc8 14. Kh1 Qd8 15. Bf3
h6 16. Qe2 Qd7 17. Kg1 Nh7 18. Rd1 Ng5 19. Bg4 f5 20. exf5 Bxf5 21. Bxf5 Qxf5
22. Nf1 Rf8 23. Ng3 Qg6 24. Be3 Nce6 25. Nd5 Bd8 26. Qg4 Nf4 27. Bxf4 exf4 28.
Nh5 f3 29. h4 Qe4 30. Nhf4 Nh7 31. Re1 Qf5 32. Qxf3 Bxh4 33. Qe4 Qxe4 34. Rxe4
Nf6 35. Nxf6+ Bxf6 36. Nd5 Be5 37. f4 Bf6 38. Rd1 Rad8 39. g3 Bb2 40. Kg2 Ba3
41. Re7 Rf7 42. Rde1 Rd7 43. Re8+ Kh7 44. g4 Bc5 45. R1e6 Bd4 46. f5 h5 47. Kh3
hxg4+ 48. Kxg4 Be5 49. Ne7 Rf6 50. Ng6 1-0

[Event "World Rapid 2019"]
[Site "Moscow RUS"]
[Date "2019.12.27"]
[Round "8.75"]
[White "Atabayev, Saparmyrat"]
[Black "Atabayev, Maksat"]
[Result "1-0"]
[WhiteTitle "IM"]
[BlackTitle "GM"]
[WhiteElo "2425"]
[BlackElo "2475"]
[WhiteFideId "14000571"]
[BlackFideId "14001101"]
[EventDate "2019.12.26"]

1. d4 Nf6 2. c4 g6 3. Nc3 Bg7 4. e4 O-O 5. Nf3 d6 6. Be2 Bg4 7. O-O Bxf3 8. Bxf3
e5 9. dxe5 dxe5 10. Qxd8 Rxd8 11. Bg5 Nbd7 12. Rfd1 c6 13. b4 Nf8 14. Be3 Rxd1+
15. Rxd1 Ne6 16. Na4 Bf8 17. c5 Bg7 18. Kf1 h5 19. h3 Kf8 20. Be2 Nxe4 21. Rd7
Rb8 22. Bc4 Nf6 23. Rd6 Nc7 24. Nc3 Nce8 25. Rd1 Ke7 26. Bg5 Kf8 27. a4 Rc8 28.
f3 Rc7 29. Rd8 a6 30. Ke2 Nh7 31. Be3 Nf6 32. b5 axb5 33. axb5 Ke7 34. Rb8 Nd7
35. Ra8 cxb5 36. Nd5+ 1-0

[Event "World Rapid 2019"]
[Site "Moscow RUS"]
[Date "2019.12.27"]
[Round "8.76"]
[White "Frolyanov, Dmitry"]
[Black "Zarubitski, Viachaslau"]
[Result "0-1"]
[WhiteTitle "GM"]
[BlackTitle "IM"]
[WhiteElo "2556"]
[BlackElo "2451"]
[WhiteFideId "4151976"]
[BlackFideId "13509373"]
[EventDate "2019.12.26"]

1. e4 e5 2. Nf3 Nf6 3. Nxe5 d6 4. Nf3 Nxe4 5. Nc3 Nxc3 6. dxc3 Be7 7. Bf4 Nc6 8.
Qd2 Be6 9. O-O-O Qd7 10. Kb1 O-O-O 11. Bb5 a6 12. Ba4 Bf6 13. Nd4 Bd5 14. f3
Bxd4 15. cxd4 Qf5 16. Ka1 Rhe8 17. c3 Bc4 18. Rhe1 Qa5 19. b3 b5 20. bxc4 Qxa4
21. cxb5 axb5 22. Kb1 Na5 23. Qc2 Qxc2+ 24. Kxc2 Nc4 25. Kb3 Nb6 26. Bg5 f6 27.
Bc1 Kd7 28. g4 Kc6 29. h4 Kd5 30. h5 Ra8 31. f4 Nc4 32. f5 Na5+ 33. Kc2 Nc4 34.
Kb3 h6 35. a3 Na5+ 36. Kc2 Nc4 37. Kb3 c6 38. Ka2 Nb6 39. Kb3 Nc4 40. Ka2 Nb6
41. Kb3 Rab8 42. Bf4 Nc4 43. Bc1 Rbc8 44. Kc2 Rcd8 45. Kb3 Rb8 46. Kc2 Ra8 47.
Kb3 Nb6 48. Kc2 Kc4 49. Bb2 Nd5 50. Rb1 Ne3+ 51. Kd2 Nxg4 52. a4 Nf2 53. Ba3
Ne4+ 54. Kc2 Rxa4 55. Rb3 Kd5 56. Kb2 Rea8 57. Re2 R8a7 58. Rg2 Re7 59. Re2 Rd7
60. Rg2 Rda7 61. Re2 Nxc3 62. Re6 Ne4 63. Re3 Rxd4 64. R3xe4 Rxe4 65. Rxd6+ 0-1

[Event "World Rapid 2019"]
[Site "Moscow RUS"]
[Date "2019.12.27"]
[Round "8.77"]
[White "Narayanan, Srinath"]
[Black "Luukkonen, Tommi"]
[Result "1-0"]
[WhiteTitle "GM"]
[BlackTitle "FM"]
[WhiteElo "2529"]
[BlackElo "2290"]
[WhiteFideId "5018420"]
[BlackFideId "501808"]
[EventDate "2019.12.26"]

1. Nf3 c5 2. e3 g6 3. d4 Bg7 4. Be2 Nf6 5. O-O O-O 6. dxc5 Na6 7. Bxa6 bxa6 8.
a3 Qc7 9. b4 Bb7 10. Nd4 e5 11. Ne2 e4 12. Nd4 h5 13. h3 Nd5 14. Bb2 f5 15. Nc3
Ne7 16. Nce2 Bd5 17. Nf4 Bc4 18. Re1 Bf7 19. h4 Nc6 20. Nxc6 Bxb2 21. Ne7+ Kh7
22. Rb1 Be5 23. g3 a5 24. Ned5 Qc6 25. c4 axb4 26. axb4 a5 27. Nb6 Rad8 28. bxa5
Qxc5 29. Rb5 Qc7 30. Rxe5 Qxe5 31. Nxd7 Qc3 32. Nxf8+ Rxf8 33. Qa1 Qxc4 34. Rc1
Qa6 35. Nh3 Bc4 36. Ng5+ Kg8 37. Qd4 1-0

[Event "World Rapid 2019"]
[Site "Moscow RUS"]
[Date "2019.12.27"]
[Round "8.78"]
[White "Gutenev, Alexander"]
[Black "Gareyev, Timur"]
[Result "0-1"]
[WhiteTitle "IM"]
[BlackTitle "GM"]
[WhiteElo "2469"]
[BlackElo "2598"]
[WhiteFideId "4195540"]
[BlackFideId "14200937"]
[EventDate "2019.12.26"]

1. e4 g6 2. d4 d6 3. Nc3 Nf6 4. Nf3 Bg7 5. Be2 O-O 6. O-O b6 7. e5 Ne8 8. a4 a6
9. Re1 Nc6 10. Bf4 e6 11. exd6 Nxd6 12. d5 Nb4 13. dxe6 Bxe6 14. Rc1 Bxc3 15.
bxc3 Na2 16. Ra1 Nxc3 17. Qd4 Nd5 18. Bg5 f6 19. Bf1 Bf7 20. Bc1 c5 21. Qd2 Re8
22. Bb2 c4 23. g3 c3 24. Bxc3 Ne4 25. Rxe4 Rxe4 26. Bb2 Nb4 27. Qh6 Qf8 28. Qc1
Rc8 29. c3 Na2 30. Qc2 Qe8 31. c4 Nb4 32. Qc3 Qe7 33. Ng5 Re5 34. Nxf7 Kxf7 35.
Qd2 Rd8 36. Qh6 Rh5 37. Qf4 Rf5 38. Qh6 Rh5 39. Qf4 Nd3 40. Bxd3 Rxd3 41. a5
Rxa5 42. Rxa5 bxa5 43. c5 Rd1+ 44. Kg2 Qb7+ 0-1

[Event "World Rapid 2019"]
[Site "Moscow RUS"]
[Date "2019.12.27"]
[Round "8.79"]
[White "Bosiocic, Marin"]
[Black "Batchuluun, Tsegmed"]
[Result "1-0"]
[WhiteTitle "GM"]
[BlackTitle "GM"]
[WhiteElo "2623"]
[BlackElo "2530"]
[WhiteFideId "14507927"]
[BlackFideId "4900847"]
[EventDate "2019.12.26"]

1. e4 e5 2. Nf3 Nc6 3. Bb5 Nf6 4. d3 Bc5 5. c3 O-O 6. Bg5 h6 7. Bh4 d6 8. Nbd2
a6 9. Ba4 Bd7 10. Bc2 Qe7 11. O-O g5 12. Bg3 Kg7 13. Nc4 Ba7 14. Re1 Nh7 15. d4
f6 16. Ne3 Qd8 17. Qd2 Re8 18. Rad1 Nf8 19. Nf5+ Bxf5 20. exf5 exd4 21. cxd4 Qd7
22. Re6 d5 23. Re3 g4 24. Ne5 fxe5 25. f6+ Kxf6 26. Rxe5 Nxe5 27. Qxh6+ Neg6 28.
Bxg6 Nxg6 29. Bh4+ Kf7 30. Qh7+ Kf8 31. Qxd7 Nxh4 32. Qh7 Nf3+ 33. gxf3 gxf3 34.
Kf1 1-0

[Event "World Rapid 2019"]
[Site "Moscow RUS"]
[Date "2019.12.27"]
[Round "8.80"]
[White "Mesropov, Konstantin"]
[Black "Donchenko, Alexander"]
[Result "1-0"]
[WhiteTitle "IM"]
[BlackTitle "GM"]
[WhiteElo "2422"]
[BlackElo "2644"]
[WhiteFideId "4116887"]
[BlackFideId "24603295"]
[EventDate "2019.12.26"]

1. d4 Nf6 2. Bg5 d5 3. Nd2 c5 4. e3 cxd4 5. exd4 Qb6 6. Ngf3 Qxb2 7. c4 Nc6 8.
Bxf6 exf6 9. cxd5 Nxd4 10. Qa4+ Nc6 11. Rb1 Qa3 12. Qxa3 Bxa3 13. dxc6 bxc6 14.
Bc4 Bf5 15. Rb7 O-O-O 16. Rxa7 Rhe8+ 17. Kd1 Bc5 18. Ra5 Kc7 19. Rxc5 Bg4 20.
Bb3 1-0